Normal view MARC view

Entry Personal Name

Number of records used in: 8

001 - CONTROL NUMBER

  • control field: 1007

003 - CONTROL NUMBER IDENTIFIER

  • control field: PK-NaQUE

005 - DATE AND TIME OF LATEST TRANSACTION

  • control field: 20260629104245.0

008 - FIXED-LENGTH DATA ELEMENTS

  • fixed length control field: 260629|| aca||aabn | a|a d

040 ## - CATALOGING SOURCE

  • Original cataloging agency: PK-NaQUE
  • Transcribing agency: PK-NaQUE

100 ## - HEADING--PERSONAL NAME

  • Personal name: Department of Computer Science

670 ## - SOURCE DATA FOUND

  • Source citation: Work cat.: (PK-NaQUE)69067: Nashaib Akbar 22-MSCS-04 Supervisor - Prof. Dr. Muhammad Saleem Vighio 1006, Evaluating Auditing Tools for Unverified Smart Contracts on Ethereum Blockchain (Thesis MS) , 2025